KRAJI_2 - Julijske A. - SZ del - Statistics

General Stats
  • This quiz has been taken 137 times
  • The average score is 14 of 20
Answers on the Map
Answers color-coded by a green-red scale on the quiz's map according to % correct below.
 
Answer Stats
Answer % Correct
Podkoren
86%
Ribčev Laz
84%
Trnovo ob Soči
83%
slap Savica
81%
Stara Fužina
81%
Belca
80%
Drežnica
78%
Jereka
78%
Drežniške Ravne
75%
Nadiža
72%
Martuljkov slap
70%
slap Boka
70%
slap Peričnik
66%
slap Govic
63%
slap Kozjak
61%
Krnica
59%
Breginj
55%
Goreljek
53%
Studor
53%
Zgornja Radovna
50%
No matching quizzes found
Score Distribution
Percent of People with Each Score
Percentile by Number Answered
Your Score History
You have not taken this quiz